Usos metafóricos en el discurso sexual /
Guardado en:
| Autor principal: | |
|---|---|
| Formato: | Texto |
| Etiquetas: |
Agregar Etiqueta
Sin Etiquetas, Sea el primero en etiquetar este registro!
|
MARC
| LEADER | 00000 a a2200000 04500 | ||
|---|---|---|---|
| 001 | 42708 | ||
| 003 | |||
| 040 | |||
| 100 | |a Fernández Fernández, Daniel | ||
| 245 | |a Usos metafóricos en el discurso sexual / |c Daniel Fernández Fernández | ||
| 500 | |a danielfernand@gmail.com | ||
| 773 | |g volumen4, número1 ( , 2009), 13 páginas | ||
| 999 | |c 28344 |d 28344 | ||
